Taylor Swift (feat. Ice Spice) - Karma (Remix) (Lyrics) - Statistics

General Stats
  • This quiz has been taken 176 times
  • The average score is 333 of 432
Answer Stats
Answer % Correct
karma
100%
Karma
100%
karma
100%
I
99%
is
99%
my
99%
a
98%
the
97%
on
96%
god
94%
in
94%
why
94%
boyfriend
93%
cat
93%
me
93%
Me
93%
weekend
93%
it
92%
you
92%
You
92%
'Cause
91%
'cause
91%
like
91%
loves
90%
And
89%
and
89%
hair
89%
for
88%
lap
88%
Purring
88%
to
88%
that
87%
thought
87%
breeze
86%
It's
86%
it's
86%
acrobat
85%
relaxing
85%
not?
84%
of
84%
Of
84%
vibe
84%
your
84%
goddamn
83%
Karma's
82%
Karma's
82%
what
81%
be
79%
down
79%
honey,
78%
know
78%
Sweet
78%
You're
78%
you're
78%
but
77%
just
77%
coming
76%
Coming
76%
keep
76%
Flexing
74%
mean
73%
shit
73%
wouldn't
73%
Aren't
72%
clean
72%
envious
72%
hell
72%
side
72%
street
72%
talking
72%
get
71%
by
66%
from
66%
look
66%
there
66%
all
65%
her
65%
if
65%
see
65%
around
64%
Addicted
63%
back
63%
betrayal,
62%
girl,
62%
you'll
62%
dare,
61%
glare
60%
gonna
60%
guy
60%
relevant
60%
Step
60%
step,
60%
everyone
59%
home
59%
I'm
59%
straight
59%
town
59%
terrified
58%
burned
57%
queen
57%
screen
57%
So,
57%
so
57%
still
57%
justice,
55%
friends
54%
summit
54%
track
54%
Ask
53%
here
53%
takes
53%
those
53%
years
53%
bounty
52%
hunter
52%
tears
50%
learned
49%
never
49%
she
47%
up
47%
up,
47%
ground
46%
house
46%
many
46%
thunder
46%
bounce
41%
earned
41%
fire
41%
Rattling
41%
Got
40%
scent
40%
unannounced
37%
alone
36%
pop
36%
ain't
34%
check's
34%
beauty
33%
'boutta
33%
leaving
33%
throne
33%
baby,
32%
put
32%
fade,
31%
head
31%
lazy
31%
now
31%
okay,
31%
Watch
31%
gotta
30%
gets
29%
opps
29%
ya
29%
ya,
29%
cash
28%
flags,
28%
let
28%
pageant
28%
switching
28%
white
28%
winning
28%
worry,
28%
behavior
27%
pretty
26%
lesser
25%
waving
25%
wagon,
24%
won't
24%
bestie
23%
dragging
23%
with
23%
bread
22%
none
22%
Promise
21%
save
21%
hold
17%
it'll
17%
endeavor
16%
Thinking
16%
feening
9%
No matching quizzes found
Score Distribution
Percent of People with Each Score
Percentile by Number Answered
Your Score History
You have not taken this quiz